Poema heroyco en celebridad de la colocación de la estatua colosal de bronce de nuestro católico monarca el Sr. Don Carlos Quarto, rey de España y emperador de las Indias / por D. Bruno Joseph de Larrañaga

Detalles Bibliográficos
Autor principal: Larrañaga, Bruno José de
Otros Autores: Carlos IV, rey de España, 1748-1819
Formato: Libro
Lenguaje:Undetermined
Spanish
Publicado: México 1804
Materias:
Colección:Banco de datos
Acervo:Biblioteca Fenando Tola de Habich. Colección bibliográfica
Descripción Física:6, 16, VI, 10 p. 20 cm.
Tema general:Literatura mexicana
LEADER 00965nam a2200181Ia 4500
008 150723s9999 xx 000 0 und d
041 0 |a spa 
100 1 |a Larrañaga, Bruno José de 
245 1 0 |a Poema heroyco en celebridad de la colocación de la estatua colosal de bronce de nuestro católico monarca el Sr. Don Carlos Quarto, rey de España y emperador de las Indias / por D. Bruno Joseph de Larrañaga  
260 |a México   |b en la oficina de Don Mariano de Zúñiga y Ontiveros  |c 1804 
300 |a 6, 16, VI, 10 p.  |c 20 cm. 
505 0 0 |a Imágen del Augusto Monarca de España y de las Indias Carlos IV. Figurada en una estatua equestre erigida en México y en el Gobierno del Exmô. Señor Don Joseph de Yturrigaray, Virrey de esta Nueva España 
650 1 0 |a Literatura mexicana 
700 1 |a Carlos IV, rey de España, 1748-1819  
852 |a 99 
942 |c TOLALIB 
943 |g Biblioteca Fenando Tola de Habich. Colección bibliográfica 
999 |c 989672  |d 989672